Statistics for No Way - SIX The Musical - Lyrics

Click here to take the quiz!

General Stats

  • This quiz has been taken 63 times
  • The average score is 270 of 400

Answer Stats

CharacterLyric% Correct
(spoken)No?
98%
No,
98%
No!
98%
No
98%
no
98%
(No
98%
no!
98%
A
95%
a
95%
I
95%
the
95%
way!
95%
way)
95%
way
95%
You
95%
you
95%
me
91%
me?
91%
your
91%
baby
89%
baby!
89%
Baby,
89%
that
89%
there
89%
there's
89%
Catherine Of AragonThere's
89%
all
86%
be
86%
I've
86%
To
86%
to
86%
by
84%
go!)
84%
go
84%
must
84%
Must
84%
my
84%
time
84%
side
82%
so
82%
So
82%
never
80%
when
80%
When
80%
been
77%
Been
77%
sh-
75%
who
75%
Got
73%
got
73%
how
73%
In
73%
on
73%
say
73%
think
73%
I'm
70%
lied
70%
replace
70%
control
68%
crazy
68%
knew
68%
lost
68%
many
68%
matter
68%
times
68%
wanna
68%
what
68%
With
68%
with
68%
agree
66%
had
66%
we
66%
You've
66%
you've
66%
Catherine Of AragonAnd
64%
golden
64%
keep
64%
cool
61%
it's
61%
rule
61%
thing
61%
Yeah,
61%
for
59%
fun
59%
just
59%
know
59%
pretty
59%
some
59%
up
59%
was
59%
young
59%
around
57%
one
57%
Running
57%
'cause,
55%
cause
55%
Cause
55%
don't
55%
her
55%
I'll
55%
ring
55%
said
55%
single
55%
wedding
55%
even
52%
Have
52%
hi,
52%
now
52%
she's
52%
son
52%
though
52%
word
52%
day
50%
every
50%
If
50%
Like
50%
listen
50%
wife
50%
brother's
48%
heard
48%
life
48%
put
48%
someone
48%
But
45%
didn't
45%
Leviticus
45%
own
45%
quoting
45%
down
43%
down,
43%
are
41%
gave
41%
not
41%
(spoken)Aw,
39%
birth
39%
of
39%
pity
39%
won't
39%
Catherine Of AragonYou're
39%
annulment,
36%
Bible
36%
cursed
36%
QueensDaughters
36%
done
36%
easy
36%
end
36%
grant
36%
Mary?
36%
moment
36%
nothing
36%
nunnery
36%
read
36%
shh
36%
verse
36%
wrong
36%
forget
34%
full
34%
hold
34%
I'd
34%
tell
34%
back
32%
leave
32%
naive
32%
Please
32%
away
30%
going
30%
knees
30%
Send
30%
weren't
30%
along
27%
daddy,
27%
humble,
27%
pain,
27%
pride
27%
Woo!
27%
(Woo!)
27%
Honey,
25%
loyal,
25%
swallow
25%
can
23%
explain
23%
Well,
23%
funny
20%
made
20%
queen
20%
tried
20%
it'd
16%
kiddy-less
16%
thought
16%
'til
16%
Hey!
14%
(Let's
14%
(Here
11%
things
11%
N-n-n-no
7%
n-n-n-no
7%
n-n-nope
0%
n-nope
0%

Score Distribution

Percentile by Number Answered

Percent of People with Each Score

Your Score History

You have not taken this quiz